Here Is Always Somewhere Else /

Bas Jan Ader (1942) artista holandés radicado en sus últimos años de vida en Los Angeles, California, practicó el arte conceptual y el performance, además de haberse dedicado a la fotografía y al video; en estos dos últimos medios presentó gran parte de su obra. Tema centra en sus instalaciones es l...

詳細記述

保存先:
書誌詳細
第一著者: Daalder, Rene (realización)
フォーマット: スライド
言語:英語
主題:
タグ: タグ追加
タグなし, このレコードへの初めてのタグを付けませんか!

MARC

LEADER 00000ngm^a2200000^a^4500
001 000297886
005 20250521000000.0
009 20260310112351.982
037 |a Acervo ITESO - Biblioteca 
041 |a ING 
082 |a 709. 492072  |b ADE HER V. 1 
100 |a Daalder, Rene  |e (realización) 
245 1 0 |a Here Is Always Somewhere Else /  |c Realización de R. Daalder. 
264 2 |a EUA :  |b American Scenes [distribución],  |c 2008, c2008 
300 |a 1 DVD multirregión  |c (67 min.) +  |e 1 tríptico 
336 |a imagen móvil bidimensional  |b tdi  |2 rdacontenido 
337 |a video  |b v  |2 rdamedio 
338 |a videodisco  |b vd  |2 rdasoporte 
520 |a Bas Jan Ader (1942) artista holandés radicado en sus últimos años de vida en Los Angeles, California, practicó el arte conceptual y el performance, además de haberse dedicado a la fotografía y al video; en estos dos últimos medios presentó gran parte de su obra. Tema centra en sus instalaciones es la posibilidad de perder el control; su muerte está asociada con este motivo: desapareció en circunstancias misteriosas a bordo de un minúsculo bote con el que pretendía atravesar el océano Atlántico. Su producción ha sido revalorizada a partir de la década de 1990. 
520 |a En el presente documental, el también emigrante holandés en Estados Unidos ofrece una visión de la obra de Bas Jan Ader el marco de la producción artística de la segunda mitad del siglo XX. Se centra en la producción fílmica de Ader. 
649 |a XX 
650 |a Fotógrafos Holandeses 
650 |a Artistas Holandeses 
650 |a Cineastas Holandeses 
650 |a Documentales -  |z EUA 
650 |a Cine Norteamericano -  |y 2000-2009 
650 |a Cine Norteamericano -  |y Siglo XXI 
650 |a Arte Conceptual -  |x Historia y Crítica 
650 |a Performances y Happenings -  |x Historia y Crítica 
650 |a Video -  |z Holanda 
650 |a Video -  |x Historia y Crítica 
650 |a Instalaciones (Arte) -  |x Historia y Crítica 
650 |a Arte Holandés -  |y Siglo XX 
650 |a Arte Holandés -  |x Historia y Crítica 
650 |a Arte Norteamericano -  |y Siglo XX 
650 |a Arte Holandés -  |x Historia y Crítica 
650 |a Ader, Bas Jan -  |x Tema Principal 
910 |a Fondo General 
920 |a Audiovisuales - DVDs 
940 |a Películas 
905 |a 302 
901 |a 0500324150  |b IT2  |c DVS  |i C118855  |u 20250521 
902 |a https://opac.biblio.iteso.mx/vufind/Record/000297886